=LDR 00000nam 2200000 4500 =001 INLIS000000000039242 =005 20150803131349.0 =006 =007 =008 Ind =035 ##$$0010-061300000039242 =041 ##$$a Ind =082 ##$$a 641.337 2 =090 ##$$a 641.337 2, Ser s =245 ##$$a 1001 teh dari asal usul di lengkapi 40 reep teh pilihan, editor, Maria Agustina S =260 ##$$a 2010 $b Yogyakarta =300 ##$$a 184 hlm, 14 cm =650 ##$$a Teh =850 ##$$a NBPNMAT